000 00575nam a22002297a 4500
003 UA-OsUOA
001 122522
007 ta
008 20170510b un ||||| |||| 00| 0 ukr d
100 _aГлущман І.
700 _aСобко І.
090 _a908
_bГ55
942 _cSA
040 _aUA-OsUOA
_bukr
_cUA-OsUOA
_dUA-OsUOA
245 _aВперше в Острозі відкрили туристичний сезон
300 _aС.1,3
955 _a0
041 _aukr
080 _a908
773 0 _w122521
650 7 _a908 Краєзнавство
_2UDC
999 _c408968
_d408968